00482nam a22001217a 4500008004100000040005500041080002600096245014800122260003700270300001500307650001200322700002600334230601b |||||||| |||| 00| 0 eng d aNational Science LibrarycNational Science Library a612.824.3(082.2) bL7 aNeurogenic control of the brain circulation c/ Proceedings of the International Symposium held in The wenner-Gren, Stockholm, June 22-24, 1977 aOxford: bPergamon Press, c1977 axix, 510p. aScience aOwman, Christer (Ed.)